| 000 | 01051nmc a2200397 a 4500 | ||
|---|---|---|---|
| 003 | AR-BaBNM | ||
| 005 | 20251128205141.0 | ||
| 008 | 166119s1989 ||||||||||||||000 | spa|| | ||
| 020 | _a950-23-0464-0 | ||
| 040 | _cAR-BaBNM | ||
| 100 | 1 | _aIsuani, Ernesto Aldo | |
| 245 | 1 | 0 | _aEstado democrático y política social |
| 250 | _a1ª ed. | ||
| 260 |
_aBuenos Aires _bEudeba _c1989 |
||
| 300 | 0 |
_a261 p. _btablas |
|
| 490 | 0 | _aTemas | |
| 504 | _aContiene bibliografía | ||
| 610 | 2 | 4 | _aFondo Nacional de la Vivienda |
| 610 | 2 | 4 | _aBanco Hipotecario Nacional [Argentina] |
| 650 | 4 | _aSEGURIDAD SOCIAL | |
| 650 | 4 | _aESTADO | |
| 650 | 4 | _aPOLITICA SOCIAL | |
| 650 | 4 | _aPROTECCION SOCIAL | |
| 650 | 4 | _aDEMOCRACIA | |
| 650 | 4 | _aBIENESTAR SOCIAL | |
| 650 | 4 | _aSALUD PUBLICA | |
| 650 | 4 | _aEDUCACION | |
| 650 | 4 | _aPOLITICA EDUCATIVA | |
| 650 | 4 | _aRECURSOS EDUCACIONALES | |
| 650 | 4 | _aCALIDAD DE LA EDUCACION | |
| 650 | 4 | _aJUBILACION | |
| 651 | 4 | _aArgentina | |
| 700 | 1 | _aTenti Fanfani, Emilio | |
| 942 | _cBK | ||
| 998 | _cEnrique | ||
| 999 |
_c10201 _d10201 |
||